Massage for sport
| Main Author: | Watt, Joan |
|---|---|
| Published: |
Marlborough:
Crowood,
1999.
|
| Subjects: |
| LEADER | 00518cam a2200181 7i4500 | ||
|---|---|---|---|
| 001 | 0000006602 | ||
| 005 | 20200617090000.0 | ||
| 020 | |a 1861261608 | ||
| 090 | 0 | 0 | |a RM721 |b .W38 1999 |
| 100 | 1 | |a Watt, Joan | |
| 245 | 1 | 0 | |a Massage for sport |c Joan Watt. |
| 260 | |a Marlborough: |b Crowood, |c 1999. | ||
| 300 | |a 158 p.: |b ill.; |c 24 cm. | ||
| 650 | 0 | 0 | |a Sports physical therapy |
| 650 | 0 | 0 | |a Sports massage |
| 650 | 0 | 0 | |a Massage therapy |
| 997 | |a Health Sciences, Faculty | ||
| 999 | |a 0000010509 |b BOK |c OPEN SHELF |e 1st Floor, Shah Alam | ||


